=LDR 00000nam 2200000 4500 =001 INLIS000000000019027 =005 20130612114133 =008 ***********************************Ind** =035 ##$$0010-061300000019027 =041 ##$$a Ind =082 ##$$a 028.8 =090 ##$$a 028.8, Beg h =100 ##$$a Beggio, Valentino =245 ##$$a Hewan apa yang tidak takut pada ular?serta pertanyaan lainnya, Valentino Beggio ; editor, Lyndon Saputra =260 ##$$a 1996 $b Bogor =300 ##$$a 24 hlm, ilus, 19 cm =650 ##$$a Bacaan anak-anak =850 ##$$a NBPNMAT